The microstructure and lattice parameters of the zirconia nanoceramics sintered in vacuum; Korus 2004; Vol. 3

Dades bibliogràfiques
Parent link:Korus 2004: The 8th Korea-Russia International Symposium on Science and Technology, June 26 - July 3, 2004, At Tomsk Politechnic University, Russia/ Novosibirsk State Technical University; Tomsk Polytechnic University.— , 2004-
Vol. 3.— 2004.— P. 117-119
Autor principal: Khasanov O. L. Oleg Leonidovich
Sumari:The peculiarities of the distributions of grain and pore sizes in the zirconia ceramics sintered in vacuum after dry compacting nanopowders under powerful ultrasound action (PUA) were investigated using optical microscopy and SEM techniques. The PUA during zirconia nanopowder compaction essentially influences not only the green body densification, but also the sintered ceramics microstructure and properties. Analysis of the XRD data showed the linear dependence of the lattice parameters of zirconia monoclinic and cubic phases which can be explained by a coexistence of two phases in a nanocrystallite.
Idioma:anglès
Publicat: 2004
Matèries:
Format: MixedMaterials Capítol de llibre
KOHA link:https://koha.lib.tpu.ru/cgi-bin/koha/opac-detail.pl?biblionumber=227023

MARC

LEADER 00000naa2a2200000 4500
001 227023
005 20251206161925.0
035 |a (RuTPU)RU\TPU\book\247416 
035 |a RU\TPU\book\247414 
090 |a 227023 
100 |a 20121129a2004 k y0engy50 ba 
101 0 |a eng 
102 |a RU 
200 1 |a The microstructure and lattice parameters of the zirconia nanoceramics sintered in vacuum  |f O. L. Khasanov 
320 |a References: 5 tit. 
330 |a The peculiarities of the distributions of grain and pore sizes in the zirconia ceramics sintered in vacuum after dry compacting nanopowders under powerful ultrasound action (PUA) were investigated using optical microscopy and SEM techniques. The PUA during zirconia nanopowder compaction essentially influences not only the green body densification, but also the sintered ceramics microstructure and properties. Analysis of the XRD data showed the linear dependence of the lattice parameters of zirconia monoclinic and cubic phases which can be explained by a coexistence of two phases in a nanocrystallite. 
461 1 |0 (RuTPU)RU\TPU\book\73635  |t Korus 2004  |o The 8th Korea-Russia International Symposium on Science and Technology, June 26 - July 3, 2004, At Tomsk Politechnic University, Russia  |o proceedings  |f Novosibirsk State Technical University; Tomsk Polytechnic University  |d 2004- 
463 1 |0 (RuTPU)RU\TPU\book\73150  |t Vol. 3  |v P. 117-119  |d 2004 
610 1 |a труды учёных ТПУ 
700 1 |a Khasanov  |b O. L.  |c Russian physicist, materials scientist, Doctor of Engineering  |c professor, Director of TPU Nano-Centre and Head of the Department "Nanomaterials and Nanotechnologies" of TPU  |f 1958-  |g Oleg Leonidovich  |3 (RuTPU)RU\TPU\pers\27102  |9 12652 
801 1 |a RU  |b 63413507  |c 20121129 
801 2 |a RU  |b 63413507  |c 20121218  |g RCR 
942 |c BK